Podnecovanie osobnostného potenciálu v mladej dospelosti
Zameranie sa na záujem o poznávanie a rozvoj osobnostného potenciálu študentov vysokých škôl. Patria sem relatívne nové témy záujmu angažovania sa v príprave študentov na profesionálny život, najmä k záujmu a podpore k podnikaniu. Cieľom empirického skúmania bolo získanie širokospektrálnych údajov u...
Salvato in:
| Autore principale: | |
|---|---|
| Altri autori: | |
| Natura: | Capitolo di libro |
| Lingua: | slovacco |
| Soggetti: | |
| Tags: |
Nessun Tag, puoi essere il primo ad aggiungerne!!
|
MARC
| LEADER | 00000nla a2200000 4500 | ||
|---|---|---|---|
| 001 | 0246820 | ||
| 005 | 20240417075142.9 | ||
| 041 | 0 | |a slo | |
| 044 | |a CZ | ||
| 245 | 1 | 0 | |a Podnecovanie osobnostného potenciálu v mladej dospelosti |c Anna Jenčová, Danniela Hrehová |
| 520 | |a Zameranie sa na záujem o poznávanie a rozvoj osobnostného potenciálu študentov vysokých škôl. Patria sem relatívne nové témy záujmu angažovania sa v príprave študentov na profesionálny život, najmä k záujmu a podpore k podnikaniu. Cieľom empirického skúmania bolo získanie širokospektrálnych údajov u študentov TUKE v oblasti zisťovania stavu súčasného, ako aj perspektívneho kariérneho zamerania s prioritným zameraním na ich podnikateľské aktivity. | ||
| 610 | 2 | 0 | |a mládež |
| 610 | 2 | 0 | |a študenti |
| 610 | 2 | 0 | |a školstvo |
| 610 | 2 | 0 | |a vzdelávanie vysokoškolské |
| 610 | 2 | 0 | |a podnikanie |
| 610 | 2 | 0 | |a zručnosti |
| 100 | 1 | |a Jenčová, Anna | |
| 700 | 1 | |a Hrehová, Danniela | |